|
|
|
แสดงรายละเอียดบรรณานุกรม |
|
|||
| ห้องสมุดโรงเรียนพะเยาพิทยาคม...ยินดีต้อนรับ...ทุกท่านเข้าสู่ระบบห้องสมุดอัตโนมัติ | ||||
|
Brief Record
: Get Marc (ISO 2709)
: E-mail record
: |
|
|
| LEADER 00000nam 2200000uu 4500 | |||
| 001 13399112232 | |||
| 003 ULIBM | |||
| 008 120912s2555||||th 000 0 tha d | |||
| 020 ^a9786162740558 | |||
| 082 ^aค495.915^bจ621ก | |||
| 100 ^aจุฑาฎา เทพวรรณ | |||
| 245 ^aเก็งข้อสอบ O-NET ม.3/^cโดย จุฑาฎา เทพวรรณ | |||
| 260 ^aพิมพ์ครั้งที่ 1^bกรุงเทพฯ^cแม็ค ,^d2555 | |||
| 300 ^a356 หน้า:^bภาพประกอบ;^c26 ซม. | |||
| 650 ^aการศึกษาขั้นมัธยม--ข้อสอบ | |||
| 945 ^p170^l0^i39100 | |||
| 999 ^akanya | |||
| คุณยังไม่ได้ล็อกอิน คุณสามารถมีกิจกรรมร่วมกับเว็บไซต์ได้ แต่ต้องล็อกอินก่อน :: |
|
| สถานะ | |||||||||
| 1. | วรรณกรรมเยาวชน | ค495.915 จ621ก 2555 ฉ.1 Barcode: 39100 | ►คู่มือเตรียมสอบ | On Shelf ขอยืม | |||||
| 2. | คู่มือเตรียมสอบ | ค495.915 จ621ก 2555 ฉ.2 Barcode: 39101 | ►คู่มือเตรียมสอบ | On Shelf ขอยืม | |||||
| 3. | คู่มือเตรียมสอบ | ค495.915 จ621ก 2555 ฉ.3 Barcode: 39102 | ►คู่มือเตรียมสอบ | On Shelf ขอยืม | |||||
| [แสดง 3/3 รายการ] | |||||||||
หนังสือดีน่าอ่าน

“ดั่งดวงแก้ว ส่องสว่าง ทางสายงาม”
จัดทำขึ้นเพื่อเฉลิมพระเกียรติ สมเด็จพระเทพรัตนราชสุดา ฯ สยามบรมราชกุมารี
เนื่องในโอกาสมหามงคลเฉลิมพระชนมพรรษา ๕ รอบ ๒ เมษายน ๒๕๕๘
โดยหนังสือเล่มนี้ได้รวบรวม ๖๐ พระอัจฉริยภาพของสมเด็จพระเทพ ฯ
ผู้อ่านจะได้รับแรงบันดาลใจให้พากเพียรเรียนรู้และขยันอดทนทำการงาน
ตามรอยเบื้องพระยุคลบาท เพราะพระองค์ทรงเป็นแบบอย่างอันดีเยี่ยมในทุกด้าน
ทั้งในความใฝ่รู้ใฝ่เรียน คุณธรรมจริยธรรม พระวิริยอุตสาหะในการทรงงาน
และอื่นๆอีกมากมาย ล้วนสามารถสร้างแรงบันดาลใจให้แก่เด็กและเยาวชน
อีกทั้งประชาชนทั่วไป ให้พากเพียรเรียนรู้และขยันอดทนทำการงานตามรอยพระยุคลบาท
เพื่อฝึกฝนตนเองให้เป็นคนดีคนเก่งของครอบครัวและสังคมต่อไป

| รายการใกล้เคียง หัวเรื่อง [การศึกษาขั้นมัธยม--ข้อสอบ]
|
แสดงความเห็นเกี่ยวกับหนังสือเล่มนี้ |
| คอมเมนท์ทรัพยากรรายการนี้ |
|
ห้องสมุดเฉลิมพระเกียรติกาญจนาภิเษก โรงเรียนพะเยาพิทยาคม อำเภอเมือง จังหวัดพะเยา 56000
![]()
![]()
E-mail :
Library Phayaopittayakom
05-4431-275 ต่อ 4621